LDR 01312nam a2200229 i 4500 001 000000185620 003 CaOOAMICUS 005 20100412000000.0 008 100412s1993 it u000 u ita u 013 $a163650 040 $aSeMil$bita 100 1 $aCorti, Renato,$c
.$0(OLS)http://semarc/name/16279 245 10$aPaolo e Barnaba :$b«Testimoniare il Vangelo della grazia di Dio» (Atti 20,24) : lettera pastorale sull'evangelizzazione, per l'anno pastorale 1993/94 /$cRenato Corti, vescovo di Novara. 260 $aNovara :$b[s.n.],$c1993$e(Luogo di manifattura non identificato :$fTip. S. Gaudenzio,$g1993) 300 $a117 p. ;$c21 cm. 650 4$aVescovi novaresi - Lettere pastorali.$0(OLS)http://semarc/subject/9619 650 4$aCorti, Renato
- Scritti, discorsi, omelie, lettere pastorali, etc.$0(OLS)http://semarc/subject/35046 850 $aSeMil 852 $aSeMil$W1$xVenegono$y1$m2F III 626$j136311$B136311$CSeMilBibl$Z2$F150727 $81 961 $aOmaggio: Altro 996 $6245$aPaolo e Barnaba :$b«Testimoniare il Vangelo della grazia di Dio» (Atti 20,24) : lettera pastorale sull'evangelizzazione, per l'anno pastorale 1993/94$9(OLS)http://semarc/title/266792 996 $6260$aNovara :$b[s.n.]$9(OLS)http://semarc/publisher/30468